000 00284nam a22001337a 4500
008 170914b xxu||||| |||| 00| 0 eng d
020 _a9780674443617
041 _aeng
080 _a7
100 _a44
101 _aART
245 _aIMAGE ON THE EDGE
_cCAMILLE,M
942 _2udc
_cBK
999 _c27705
_d27705